000 00490nam a2200181Ia 4500
001 4780
005 20260306145820.0
008 260306t2013||||xx |||||||||||||| ||spa||
041 _aESP
082 _a330.09
_bB45
100 _aBértola, Luis
_eAUT
245 0 _aEl desarrollo económico de América Latina desde la independencia:
_bpremio Jaume Vincens Vives 2012
260 _c2013
300 _a370 páginas :
_c23 cm.
650 _aGEN
654 _aCAN
942 _cLIB
_dJUS
_fJUS
_2ddc
_n
999 _c4780
_d4780